ARRUPE JESUIT UNIVERSITY

CORONAVIRUS -STOP THE SPREAD - CLEAN,DISINFECT,COVER

Essays in antiquity. (Record no. 126155)

MARC details
000 -LEADER
fixed length control field 00770cam a22002651 4500
001 - CONTROL NUMBER
control field 7489440
003 - CONTROL NUMBER IDENTIFIER
control field ARRUPE
005 - DATE AND TIME OF LATEST TRANSACTION
control field 20170217094553.0
008 - FIXED-LENGTH DATA ELEMENTS--GENERAL INFORMATION
fixed length control field 750501s1960 ohu 000 0 eng
010 ## - LIBRARY OF CONGRESS CONTROL NUMBER
LC control number 60013359
035 ## - SYSTEM CONTROL NUMBER
System control number (OCoLC)1309038
040 ## - CATALOGING SOURCE
Original cataloging agency DLC
Transcribing agency OKentU
Modifying agency OCoLC
-- DLC
042 ## - AUTHENTICATION CODE
Authentication code premarc
050 00 - LIBRARY OF CONGRESS CALL NUMBER
Classification number CB311.G69
082 ## - DEWEY DECIMAL CLASSIFICATION NUMBER
Classification number 901.91
300 ## - PHYSICAL DESCRIPTION
Dimensions 23 cm.
100 1# - MAIN ENTRY--PERSONAL NAME
Personal name Green, Peter,
Dates associated with a name 1924-
9 (RLIN) 28899
245 10 - TITLE STATEMENT
Title Essays in antiquity.
Statement of responsibility, etc by Green, Peter
250 ## - EDITION STATEMENT
Edition statement [1st ed.]
260 ## - PUBLICATION, DISTRIBUTION, ETC. (IMPRINT)
Place of publication, distribution, etc Cleveland,
Name of publisher, distributor, etc The World Publishing Co.
Date of publication, distribution, etc 1960
300 ## - PHYSICAL DESCRIPTION
Extent 224 p.;
650 #0 - SUBJECT ADDED ENTRY--TOPICAL TERM
Topical term or geographic name as entry element Civilization, Ancient.
9 (RLIN) 28896
906 ## - LOCAL DATA ELEMENT F, LDF (RLIN)
a 7
b cbc
c oclcrpl
d u
e ncip
f 19
g y-gencatlg
942 ## - ADDED ENTRY ELEMENTS (KOHA)
Source of classification or shelving scheme Library of Congress Classification
Koha item type Monograph ( Printed materials)
Holdings
Withdrawn status Lost status Source of classification or shelving scheme Damaged status Not for loan Collection code Home library Current library Shelving location Date acquired Total Checkouts Full call number Barcode Date last seen Price effective from Koha item type
    Library of Congress Classification     Main Collection ARRUPE LIBRARY ARRUPE LIBRARY Main Collection 17/02/2017   CB311.G69 46500024575 10/10/2017 17/02/2017 Monograph ( Printed materials)

 

Arrupe Library. PO Box MP320 Mt Pleasant, Harare, Zimbabwe
263 242 745411|librarian@aju.ac.zw